Представление документа в формате RUSMARC

ПолеНазваниеЗначение
  Тип записи c
  Библиографический уровень m
001 Контрольный номер RU/IS/BASE/428598981
005 Дата корректировки 20201206204857.2
101 Язык документа 0_
a Язык текста rus
200 Заглавие и сведения об ответственности 1_
a Заглавие Крохе-музыканту
e Сведения, относящиеся к заглавию нотная азбука для самых маленьких : [в 2 ч.]
f Первые сведения об ответственности И. Королькова
b Общее обозначение материала Ноты
210 Выходные данные __
a Место издания Ростов н/Д
c Издательство Феникс
d Дата издания 2012-2013
215 Физическое описание __
a Объем 2 ч.
d Формат 20x28
225 Серия __
a Серия Мои первые ноты
330 Аннотация __
a Аннотация Настоящий сборник является методическим пособием, предназначенным для обучения игре на фортепиано детей 4-6-летнего возраста.
606 Тематические рубрики __
a Основная рубрика Музыка и зрелищные искусства
606 Тематические рубрики __
a Основная рубрика Теория музыки
610 Ключевые слова __
a Ключевые слова нотные издания; фортепианная музыка; ноты; нотная грамота; музицирование; дошкольный возраст; обучение музыке; обучение нотной грамоте; музыкальная грамота; музыкальное обучение; уроки музыки
686 Индексы других классификаций __
a Классификационный индекс 85.907; В85.90
700 Автор _1
a Фамилия Королькова
b Имя И. С.
g Полное личное имя Ирина Станиславовна
4 Код отношения 070
801 Источник записи _0
a Страна RU
b Организация Муниципальное бюджетное учреждение культуры "Централизованная библиотечная система" г. Сургут (Центральная городская библиотека им. А. С. Пушкина)
g Правила каталогизации КиК/Лукашук
801 Источник записи _1
a Страна RU
b Организация Муниципальное бюджетное учреждение культуры "Централизованная библиотечная система" г. Сургут (Центральная городская библиотека им. А. С. Пушкина)
g Правила каталогизации КиК/Лукашук
852 Данные о местонахождении __
j Шифр хранения 85.907
i Авторский знак К 68
901 Тип документа __
t Тип документа v
903 Характеристики (МАРС) __
a Дата передачи 20130731
969 Тип издания __
a Тип издания учебно-методическое пособие; нотное издание